| 000 | 00735nam a2200217Ia 4500 | ||
|---|---|---|---|
| 001 | 11404 | ||
| 003 | GE_BSU | ||
| 008 | 181216s||||||||xx |||||||||||||| ||und|| | ||
| 040 | _cGE_BSU | ||
| 080 | _a634.3(075.8) | ||
| 100 | _aჯაბნიძე რეზო | ||
| 245 | _aციტრუსოვანთა ინტენსიური აგროტექნიკა | ||
| 245 | _cრედ: მამია გოგოლიშვილი | ||
| 260 | _aბათუმი. | ||
| 260 | _bალიონი | ||
| 260 | _c1999 | ||
| 300 | _a420გვ.20სმ. | ||
| 300 | _eცხრ. | ||
| 653 | _aციტრუსოვანთა ინტენსიური აგროტექნიკა | ||
| 942 | _cBK | ||
| 999 |
_c44601 _d44601 |
||